000 00345nam a2200133Ia 4500
008 240624s9999 xx 000 0 und d
041 _aeng
082 _a658 LOR
100 _aLORSCH JAY W
245 _aALIGNING THE STARS HOW TO SUCCEED WHEN P
260 _c2002
_aBoston
_bHarvard Business Press Books
300 _a256 : p.
365 _cRS
_b28
999 _c21272
_d21272